Legal eagle eye newsletter for the nursing profession

Bibliographic Details
Previous Title:Legal eagle eye newsletter for nursing management
Format: Unknown
Language:English
Published: Estados Unidos : Legal Eagle Eye Newsletter
Subjects:
Online Access:Acceso restringido

MARC

LEADER 00000ny a22000003n 4500
005 20110511150530.0
007 cr anunnnuuuaa
008 951025c19989999waumr p 0 a0eng d
022 |a 1085-4924 
035 |a 3106 
040 |a BUS  |d vLex 
090 |c 1712  |d 1712 
245 0 0 |a Legal eagle eye newsletter for the nursing profession  |h [Recurso electrn̤ico] 
246 3 0 |a Legal eagle eye newsletter 
256 |a Servicio en ln̕ea 
260 |a Estados Unidos :  |b Legal Eagle Eye Newsletter 
310 |a Mensual 
506 1 |a Contenido solo disponible en los productos indicados  |d vLex Global  |d vLex Global (Academic Edition, excluding Law Schools)  |d vLex Global (Academic Edition, Law Schools) 
650 0 4 |a Enfermera̕  |x Derecho  |x Publicaciones perid̤icas 
740 0 |a vLex Revista (Servicios en ln̕ea) 
740 0 |a vLex Revista (Servicios en ln̕ea) 
780 0 0 |t Legal eagle eye newsletter for nursing management 
843 |a Electrn̤ica. Abierta 
853 |8 1  |i (year)  |j (month)  |k (day) 
856 4 0 |z Acceso restringido  |u http://vlex.com/account/login_ip?fuente_id=3106  
942 |c REV